[Event "ESP-chT CECLUB Div2"]
[Site "Linares"]
[Date "2018.08.16"]
[Round "4.5"]
[White "Guillo Longares, Cecilia"]
[Black "Gallardo Alarcon, Aurelio"]
[Result "0-1"]
[WhiteElo "2030"]
[BlackElo "2010"]
[PlyCount "70"]
[EventDate "2018.08.14"]
[EventType "team-swiss"]
[EventRounds "7"]
[EventCountry "ESP"]
[SourceTitle "CBM 186 Extra"]
[Source "ChessBase"]
[SourceDate "2018.08.24"]
[SourceVersion "1"]
[SourceVersionDate "2018.08.24"]
[SourceQuality "1"]
[WhiteTeam "Casareno iAcere"]
[BlackTeam "Reverte Minerals"]
[WhiteTeamCountry "ESP"]
[BlackTeamCountry "ESP"]

1. d4 f5 2. c4 Nf6 3. Nf3 g6 4. g3 Bg7 5. Bg2 d6 6. Nc3 0-0 7. 0-0 Qe8 8. d5 a5 9. Rb1 Na6 10. a3 Nc5 11. Nb5 Qd8 12. Nfd4 e5 13. dxe6 c6 14. Bxc6 bxc6 15. Nxc6 Qe8 16. e7 Qxc6 17. exf8Q+ Bxf8 18. Bf4 Bb7 19. f3 Ne6 20. Be3 Ng4 21. Bf2 Nxf2 22. Kxf2 Qxc4 23. a4 Qc5+ 24. Kg2 d5 25. Rc1 Qb6 26. Qc2 Re8 27. Rfd1 Bh6 28. Rb1 Nc5 29. Nc3 Qe6 30. Re1 Na6 31. Rbd1 Nb4 32. Qb3 Qe3 33. Rb1 Ba6 34. Qd1 Bc4 35. Kf1 Qxf3+ 0-1

[Event "ESP-chT CECLUB Div2"]
[Site "Linares"]
[Date "2018.08.15"]
[Round "2.6"]
[White "Gallardo Alarcon, Aurelio"]
[Black "Represa Perez, Mireya"]
[Result "1/2-1/2"]
[WhiteElo "2010"]
[BlackElo "2078"]
[PlyCount "111"]
[EventDate "2018.08.14"]
[EventType "team-swiss"]
[EventRounds "7"]
[EventCountry "ESP"]
[SourceTitle "CBM 186 Extra"]
[Source "ChessBase"]
[SourceDate "2018.08.24"]
[SourceVersion "1"]
[SourceVersionDate "2018.08.24"]
[SourceQuality "1"]
[WhiteTeam "Reverte Minerals"]
[BlackTeam "CajaGranada"]
[WhiteTeamCountry "ESP"]
[BlackTeamCountry "ESP"]

1. f4 d5 2. Nf3 Nf6 3. g3 Bg4 4. Bg2 Bxf3 5. Bxf3 Nbd7 6. d4 e6 7. 0-0 Bd6 8. b3 Qe7 9. Bb2 0-0-0 10. c4 c6 11. c5 Bc7 12. b4 a6 13. a4 Rdg8 14. b5 Nb8 15. e3 g5 16. Bg2 h5 17. b6 Bd8 18. f5 h4 19. Nd2 hxg3 20. hxg3 exf5 21. Qf3 Nbd7 22. Rae1 Nh5 23. g4 fxg4 24. Qxf7 Qxf7 25. Rxf7 Re8 26. e4 Nf4 27. Re3 g3 28. Nf1 dxe4 29. Nxg3 Nxg2 30. Kxg2 Nf6 31. Nf5 Ng4 32. Nd6+ Kb8 33. Rxb7+ Ka8 34. Ra7+ Kb8 35. Rb7+ Ka8 36. Rh3 Rxh3 37. Kxh3 Nf2+ 38. Kg2 Rf8 39. Ra7+ Kb8 40. Rxa6 Be7 41. Ra7 Bf6 42. Rb7+ Ka8 43. Rf7 Rxf7 44. Nxf7 Nd1 45. Ba1 Ne3+ 46. Kf2 Nc2 47. d5 Nxa1 48. d6 Bd4+ 49. Ke2 Bxc5 50. d7 Bxb6 51. d8Q+ Bxd8 52. Nxd8 c5 53. Ne6 c4 54. Nxg5 e3 55. Kxe3 c3 56. Kf2 1/2-1/2